MARC details
| 000 -LEADER |
| fixed length control field |
01076nam a2200265Ia 4500 |
| 003 - CONTROL NUMBER IDENTIFIER |
| control field |
IN-BaIIA |
| 008 - FIXED-LENGTH DATA ELEMENTS--GENERAL INFORMATION |
| fixed length control field |
211028s9999 xx 000 0 eng d |
| 020 ## - INTERNATIONAL STANDARD BOOK NUMBER |
| International Standard Book Number |
1-58381-102-8 |
| 040 ## - CATALOGING SOURCE |
| Transcribing agency |
IIA Library |
| 080 ## - UNIVERSAL DECIMAL CLASSIFICATION NUMBER |
| Universal Decimal Classification number |
082.2:52 |
| Item number |
ASP-262 |
| 111 ## - MAIN ENTRY--MEETING NAME |
| Meeting name or jurisdiction name as entry element |
Annual meeting of the Astronomical Society of the Pacific |
| Number of part/section/meeting |
113th |
| Location of meeting |
USA |
| Date of meeting or treaty signing |
2001 July 15-18 |
| 9 (RLIN) |
28239 |
| 245 #4 - TITLE STATEMENT |
| Title |
The high energy universe at sharp focus-chandra science |
| Remainder of title |
proceedings of a meeting in conjunction with the 113th annual meeting of the ASP held in Minnesota, USA, 15-18 Jul 2001 |
| Statement of responsibility, etc. |
edited by E. M. Schlegel and S. D. Vrtilek |
| 260 ## - PUBLICATION, DISTRIBUTION, ETC. |
| Place of publication, distribution, etc. |
San Francisco |
| Name of publisher, distributor, etc. |
Astronomical Society of the Pacific |
| Date of publication, distribution, etc. |
2002 |
| 300 ## - PHYSICAL DESCRIPTION |
| Extent |
xviii, 423p. |
| 490 ## - SERIES STATEMENT |
| Series statement |
ASP conference series; v. 262 |
| 650 ## - SUBJECT ADDED ENTRY--TOPICAL TERM |
| Topical term or geographic name entry element |
Galaxies |
| 9 (RLIN) |
1286 |
| 650 ## - SUBJECT ADDED ENTRY--TOPICAL TERM |
| Topical term or geographic name entry element |
Solar system |
| 650 ## - SUBJECT ADDED ENTRY--TOPICAL TERM |
| Topical term or geographic name entry element |
Stars |
| 650 ## - SUBJECT ADDED ENTRY--TOPICAL TERM |
| Topical term or geographic name entry element |
Universe |
| 9 (RLIN) |
1987 |
| 650 ## - SUBJECT ADDED ENTRY--TOPICAL TERM |
| Topical term or geographic name entry element |
X-ray binaries |
| 9 (RLIN) |
14395 |
| 700 ## - ADDED ENTRY--PERSONAL NAME |
| Personal name |
Schlegel, E. M., ed. |
| 9 (RLIN) |
28240 |
| 700 ## - ADDED ENTRY--PERSONAL NAME |
| Personal name |
Vrtilek, S. D., ed. |
| 9 (RLIN) |
28241 |
| 710 ## - ADDED ENTRY--CORPORATE NAME |
| Corporate name or jurisdiction name as entry element |
Astronomical Society of the Pacific |
| 9 (RLIN) |
1154 |
| 942 ## - ADDED ENTRY ELEMENTS (KOHA) |
| Koha item type |
Books |